LDR 01165naa#a2200241#i#450# 001 EN\\bibl\117104 005 20260415214616.3 011 ## _a2076-0655 100 ## _a20251227b2025####ek#y0engy0150####ca 101 0# _aRUS 102 ## _aRU 200 1# _aIMPROVING THE EFFICIENCY OF CONCRETE PROPERTIES USING MODIFIER ADMIXTURES _eJournal article 210 1# _aMoscow _cIndividual Entrepreneur Svetlana Vasilievna Samchenko _d2025 215 ## _a9 с. 606 ## _aХимическая технология. 18.06.01 _2local 608 ## _aJournal article _2local 675 ## _aДобавки для регулирования сроков схватывания и твердения. 666.972.165 _zRUS 686 ## _aСтроительные материалы и изделия. 383 _2bbk 686 ## _aСтроительные материалы и изделия. Производство стройматериалов. 5415 _2tbk 686 ## _aТехнология производства строительных материалов и изделий. 67.15 _2grnti 700 #1 _aUrbanov _gAndrey Vitalievich 700 #1 _aPotapova _gEkaterina Nikolaevna 856 4# _atsilicates.ru _u